000 00808naa a22002537a 4500
001 BR9404150
003 BR-BrBNA
005 20250721155514.0
007 ta
008 250630b bl.|||m| |||| 00| 0 por d
040 _aBR-BrBNA
_bpor
_cBiblioteca Nacional de Agricultura
041 _a(Pt)
072 _aP11; P36
090 _aP11 BR9404150
100 1 _aNicodemus, W.L.
245 1 _aDrenagem agricola na recuperacao dos solos
246 1 _bPROVARZEAS Nacional, 1 hectare vale por dez
500 _a Brasilia, DF (Brasil): 1987. p. 155-160 (BR9404150-AMS)
650 _aDrenagem
650 _aRecuperacao do Solo
490 _aInformacao Tecnica - Programa Nacional para Aproveitamento de Varzeas Irrigaveis (Brazil)
_vno. 2
942 _cAMS
_2AGRIS
909 _a202506
_bLúcia
_c55
_dLúcia Elande
999 _c336894
_d336894